[Event "2nd IMSA Blitz 2017"]
[Site "Huai'an CHN"]
[Date "2017.12.12"]
[Round "1.1"]
[White "Mamedov, Rauf"]
[Black "Le, Quang Liem"]
[Result "1-0"]
[WhiteTitle "GM"]
[BlackTitle "GM"]
[WhiteElo "2709"]
[BlackElo "2737"]
[WhiteFideId "13401653"]
[BlackFideId "12401137"]
[EventDate "2017.12.12"]

1. e4 e6 2. d4 d5 3. Nd2 c5 4. exd5 Qxd5 5. Ngf3 cxd4 6. Bc4 Qd8 7. O-O Nc6 8.
Nb3 a6 9. Nbxd4 Nxd4 10. Nxd4 Qc7 11. Bd3 Nf6 12. Re1 Bd6 13. h3 O-O 14. Bg5 Be5
15. c3 h6 16. Nf3 Bxc3 17. Rc1 hxg5 18. Rxc3 Qb6 19. Nxg5 Qxb2 20. Rc2 Qb4 21.
Rc4 Qa5 22. Ne4 Rd8 23. Nxf6+ gxf6 24. Re3 Kf8 25. Qf3 Ke7 26. Rf4 Qxa2 27. Bc4
Qa1+ 28. Kh2 Bd7 29. Qxb7 Rab8 30. Qa7 Rdc8 31. Rd3 Rd8 32. Rfd4 Kf8 33. Rxd7
Qe5+ 34. g3 Rxd7 35. Rxd7 Kg8 36. Rxf7 f5 37. Rg7+ Qxg7 38. Bxe6+ Kh7 39. Bxf5+
Kh6 40. Qxb8 Qf6 41. Qf4+ Kg7 42. Qe4 a5 43. Qf3 a4 44. Be4 Qd4 45. Bd5 a3 46.
Qf7+ Kh6 47. Qf8+ Kg6 48. Be6 Qb2 49. h4 Qc2 50. Qf7+ Kh6 51. Qf6+ 1-0

[Event "2nd IMSA Blitz 2017"]
[Site "Huai'an CHN"]
[Date "2017.12.12"]
[Round "1.3"]
[White "Andreikin, Dmitry"]
[Black "Artemiev, Vladislav"]
[Result "0-1"]
[WhiteTitle "GM"]
[BlackTitle "GM"]
[WhiteElo "2712"]
[BlackElo "2691"]
[WhiteFideId "4158814"]
[BlackFideId "24101605"]
[EventDate "2017.12.12"]

1. Nf3 d5 2. d4 Bf5 3. c4 e6 4. Nc3 Nf6 5. Bf4 Bd6 6. Bxd6 Qxd6 7. e3 O-O 8. Rc1
c6 9. Qb3 Nbd7 10. Be2 Rab8 11. O-O Bg4 12. h3 Bh5 13. Nd2 Bg6 14. Rfd1 Qe7 15.
a3 Rfd8 16. Qb4 Qe8 17. Qd6 e5 18. cxd5 exd4 19. exd4 Nb6 20. Qe5 Nbxd5 21. Nc4
Qf8 22. Bf3 Re8 23. Qg3 Rbd8 24. Ne5 Nxc3 25. Rxc3 Be4 26. Re3 Bxf3 27. Qxf3 Qd6
28. Ng4 Nd5 29. Rxe8+ Rxe8 30. Ne3 Rd8 31. Re1 Re8 32. Kf1 Nf6 33. Rd1 g6 34.
Kg1 Rd8 35. Nc4 Qe6 36. Ne3 Kg7 37. h4 h5 38. g3 Nd5 39. Re1 Qf6 40. Qxf6+ Nxf6
41. Rd1 Nd5 42. Nc4 Nc7 43. Ne3 Kf6 44. Kg2 Ne6 45. d5 cxd5 46. Rxd5 Rxd5 47.
Nxd5+ Ke5 48. Nc3 Kd4 49. Nb5+ Kc4 50. Nd6+ Kb3 51. Nxf7 Kxb2 52. Ne5 Nf8 53. a4
Kb3 54. a5 Kb4 55. g4 hxg4 56. Kg3 Kxa5 57. Kxg4 Kb4 58. f4 a5 59. f5 gxf5+ 60.
Kxf5 a4 61. Nd3+ Kc3 62. Nc1 a3 63. Kf6 Kb2 64. Nd3+ Kc2 65. Nb4+ Kb3 66. Nd3 b5
67. Kf7 Kc3 68. Nc1 b4 69. Kxf8 b3 70. h5 a2 71. h6 a1=Q 72. Nxb3 Kxb3 73. Kg8
Qa8+ 74. Kg7 Qb7+ 75. Kg8 Qc8+ 76. Kg7 Qd7+ 77. Kg8 Qe6+ 78. Kg7 Qe7+ 79. Kg8
Qg5+ 0-1

[Event "2nd IMSA Blitz 2017"]
[Site "Huai'an CHN"]
[Date "2017.12.12"]
[Round "2.1"]
[White "Mamedov, Rauf"]
[Black "Yu, Yangyi"]
[Result "0-1"]
[WhiteTitle "GM"]
[BlackTitle "GM"]
[WhiteElo "2709"]
[BlackElo "2751"]
[WhiteFideId "13401653"]
[BlackFideId "8603820"]
[EventDate "2017.12.12"]

1. e4 e5 2. Nc3 Nf6 3. g3 Bc5 4. Bg2 O-O 5. d3 Re8 6. h3 c6 7. Nge2 d5 8. exd5
Nxd5 9. O-O Be6 10. Ne4 Be7 11. f4 exf4 12. gxf4 f6 13. f5 Bf7 14. Kh1 Na6 15.
a3 Qd7 16. N2g3 Rad8 17. Qg4 Kh8 18. Bd2 Nc5 19. Rae1 Bf8 20. Nh5 Nxe4 21. Bxe4
Re5 22. c4 Nb6 23. Bc3 Rxe4 24. dxe4 Bxh5 25. Qxh5 Nxc4 26. Rd1 Qe7 27. Rxd8
Qxd8 28. Qe2 b5 29. Rd1 Qe8 30. Qf3 h6 31. Qd3 Kh7 32. Qf3 a5 33. Rg1 b4 34.
axb4 axb4 35. Bd4 c5 36. Bf2 Nd2 37. Qg2 Qxe4 38. Qxe4 Nxe4 39. Be1 c4 40. Rg4
c3 41. bxc3 b3 42. Rg2 Ba3 43. Rg1 b2 44. Bh4 Nxc3 0-1

[Event "2nd IMSA Blitz 2017"]
[Site "Huai'an CHN"]
[Date "2017.12.12"]
[Round "3.2"]
[White "Andreikin, Dmitry"]
[Black "Mamedov, Rauf"]
[Result "1/2-1/2"]
[WhiteTitle "GM"]
[BlackTitle "GM"]
[WhiteElo "2712"]
[BlackElo "2709"]
[WhiteFideId "4158814"]
[BlackFideId "13401653"]
[EventDate "2017.12.12"]

1. Nf3 Nf6 2. g3 g6 3. b3 Bg7 4. Bb2 O-O 5. Bg2 d6 6. d4 c5 7. O-O Nc6 8. d5 Na5
9. Re1 b5 10. e4 Bg4 11. Nbd2 c4 12. h3 Bxf3 13. Nxf3 Rc8 14. Bd4 Qc7 15. b4 Nb7
16. a4 a6 17. c3 Rfd8 18. h4 Ra8 19. Bh3 Nd7 20. Bxd7 Qxd7 21. Bxg7 Kxg7 22. Nd4
Rdc8 23. Qd2 Nd8 24. e5 dxe5 25. Rxe5 bxa4 26. Qe3 Ra7 27. h5 Qd6 28. Rxa4 Rd7
29. Ra1 Qf6 30. Re1 Rcc7 31. g4 Qh4 32. Qf4 Qf6 33. Qe4 Nb7 34. g5 Qb6 35. hxg6
Qxg6 36. Nf5+ Kf8 37. Qg2 Nd6 38. Nd4 Qd3 39. R5e3 Qg6 40. Rf3 Kg8 41. Rfe3 Nf5
42. Nxf5 Qxf5 43. Re5 Qd3 44. R1e3 Qg6 45. Qg3 Rb7 46. Kg2 Rb5 47. Qf3 Qd6 48.
Rf5 Rxd5 49. Rxd5 Qxd5 50. Qxd5 Rxd5 51. Rxe7 Rxg5+ 52. Kf1 a5 53. bxa5 Rxa5 54.
Rc7 Ra4 55. Kg2 Kg7 56. Kg3 Kg6 57. Rc5 f6 58. f4 h5 59. Kh4 Ra2 60. Rxc4 Rg2
61. Kh3 Rg4 62. Rd4 Rg1 63. Rd5 Rg4 64. Rd4 Kf5 65. c4 Rg1 66. Rd5+ Kxf4 67. c5
f5 68. Rd4+ Ke5 69. Rc4 Rg7 70. c6 Rc7 71. Kh4 Kd5 72. Rc1 Rxc6 73. Re1 Re6 74.
Rf1 Ke4 75. Re1+ Kd5 76. Rf1 Ke5 77. Kg5 f4 78. Re1+ Kd6 79. Rxe6+ 1/2-1/2

[Event "2nd IMSA Blitz 2017"]
[Site "Huai'an CHN"]
[Date "2017.12.12"]
[Round "3.3"]
[White "Ding, Liren"]
[Black "Harikrishna, Pentala"]
[Result "1/2-1/2"]
[WhiteTitle "GM"]
[BlackTitle "GM"]
[WhiteElo "2777"]
[BlackElo "2744"]
[WhiteFideId "8603677"]
[BlackFideId "5007003"]
[EventDate "2017.12.12"]

1. Nf3 d5 2. g3 c5 3. Bg2 Nc6 4. d4 e6 5. O-O Nf6 6. c4 dxc4 7. dxc5 Qxd1 8.
Rxd1 Bxc5 9. Nfd2 O-O 10. Nxc4 Rd8 11. Rxd8+ Nxd8 12. Nc3 Bd7 13. Na5 Ng4 14.
Ne4 Bb4 15. Bd2 Bxd2 16. Nxd2 Ne5 17. Rc1 Rc8 18. Rxc8 Bxc8 19. f4 Nd7 20. Ndc4
b6 21. Nc6 Nxc6 22. Bxc6 Ba6 23. Nd6 Nb8 24. Bb5 Bxb5 25. Nxb5 Nc6 26. Kf2 Kf8
27. e4 e5 28. Ke3 exf4+ 29. gxf4 Ke7 30. e5 f6 31. exf6+ Kxf6 32. Ke4 Ke6 33.
Nc7+ Kd7 34. Nb5 Ke6 35. Nc7+ Kd7 36. Nb5 Ke6 1/2-1/2

[Event "2nd IMSA Blitz 2017"]
[Site "Huai'an CHN"]
[Date "2017.12.12"]
[Round "3.5"]
[White "Yu, Yangyi"]
[Black "Le, Quang Liem"]
[Result "1/2-1/2"]
[WhiteTitle "GM"]
[BlackTitle "GM"]
[WhiteElo "2751"]
[BlackElo "2737"]
[WhiteFideId "8603820"]
[BlackFideId "12401137"]
[EventDate "2017.12.12"]

1. Nf3 Nf6 2. g3 d5 3. Bg2 e6 4. O-O Be7 5. c4 O-O 6. d4 Nbd7 7. Qc2 c6 8. Nbd2
b6 9. e4 Ba6 10. e5 Ne8 11. Re1 Rc8 12. cxd5 cxd5 13. Qd1 Qc7 14. Nb1 Qc2 15.
Nc3 Qxd1 16. Rxd1 Nc7 17. h4 Nb5 18. Bd2 Nxc3 19. Bxc3 Rc7 20. Rdc1 Rfc8 21. Bd2
Nb8 22. Bf1 Bc4 23. Rc2 Bxf1 24. Rxc7 Rxc7 25. Kxf1 Kf8 26. h5 h6 27. Ke2 Ke8
28. Rc1 Rxc1 29. Bxc1 Nc6 30. Bd2 Kd7 31. Kd3 b5 32. g4 a5 33. Ng1 a4 34. f4 Bb4
35. Ne2 Bxd2 36. Kxd2 Kc7 37. a3 Kb6 38. Kc3 Ne7 39. Ng3 Nc6 40. f5 Kc7 41. f6
gxf6 42. exf6 e5 43. Nf5 exd4+ 44. Kd2 Ne5 45. Nxh6 Kd7 46. g5 Ke6 47. Ng8 Kf5
48. h6 Kxg5 49. h7 Ng6 50. Kd3 Nh8 51. Kxd4 Kg6 52. Kxd5 Kxh7 53. Ne7 Kh6 54.
Kc6 Kg5 55. Nd5 Kf5 56. Kxb5 Ke5 57. Ne3 Kxf6 58. Kxa4 Ke5 59. b4 Ng6 60. b5 Ne7
61. b6 Kd6 62. Kb5 f5 63. Ng2 Nd5 64. a4 Nc3+ 65. Kb4 Nd5+ 66. Kb5 Nc3+ 67. Kb4
Nd5+ 68. Kb5 Nc3+ 69. Kb4 1/2-1/2

[Event "2nd IMSA Blitz 2017"]
[Site "Huai'an CHN"]
[Date "2017.12.12"]
[Round "4.4"]
[White "Le, Quang Liem"]
[Black "Korobov, Anton"]
[Result "1-0"]
[WhiteTitle "GM"]
[BlackTitle "GM"]
[WhiteElo "2737"]
[BlackElo "2652"]
[WhiteFideId "12401137"]
[BlackFideId "14105730"]
[EventDate "2017.12.12"]

1. d4 e6 2. c4 f5 3. g3 Nf6 4. Bg2 d5 5. Nh3 Bd6 6. Bf4 O-O 7. O-O Nc6 8. e3
dxc4 9. Nd2 e5 10. dxe5 Nxe5 11. Bxe5 Bxe5 12. Nxc4 Qe7 13. Qc2 c6 14. Nxe5 Qxe5
15. Nf4 Be6 16. Nd3 Qb5 17. a4 Qc4 18. Rfc1 Qxc2 19. Rxc2 Rf7 20. a5 Rd8 21. Nf4
Bc8 22. a6 Rfd7 23. Bf3 bxa6 24. Ne6 Re8 25. Nd4 Ne4 26. Nxf5 c5 27. Bxe4 Rxe4
28. Rxc5 Bb7 29. Nd4 h6 30. Rac1 Ree7 31. h4 Kh7 32. h5 Kg8 33. b3 Kh7 34. Kh2
Rf7 35. R1c2 Be4 36. Ra2 Rb7 37. g4 Bb1 38. Rb2 Bd3 39. Kg3 Rb6 40. Rd2 Bb5 41.
Nf5 Bd7 42. Nd6 Re7 43. Rc7 Rb4 44. Nc4 1-0

[Event "2nd IMSA Blitz 2017"]
[Site "Huai'an CHN"]
[Date "2017.12.12"]
[Round "4.6"]
[White "Yu, Yangyi"]
[Black "Andreikin, Dmitry"]
[Result "0-1"]
[WhiteTitle "GM"]
[BlackTitle "GM"]
[WhiteElo "2751"]
[BlackElo "2712"]
[WhiteFideId "8603820"]
[BlackFideId "4158814"]
[EventDate "2017.12.12"]

1. Nf3 d5 2. g3 c6 3. Bg2 Nf6 4. O-O Bg4 5. h3 Bxf3 6. Bxf3 e5 7. d3 Bd6 8. e4
O-O 9. Nc3 Bb4 10. Bd2 dxe4 11. dxe4 Nbd7 12. a3 Be7 13. Kg2 Nc5 14. b4 Ne6 15.
Ne2 Nd7 16. Bg4 Nb6 17. Bc3 Qc7 18. Bxe6 fxe6 19. Ng1 Na4 20. Be1 b5 21. Qg4 Rf6
22. h4 Raf8 23. h5 Nb2 24. Nh3 Nc4 25. Qe2 Bd8 26. Bd2 h6 27. Be3 Qf7 28. Bc5
Re8 29. a4 Bb6 30. axb5 cxb5 31. Bxb6 axb6 32. Rfd1 Rf8 33. c3 Rf3 34. Rd3 Rxd3
35. Qxd3 Qxh5 36. Ng1 Qg4 37. Nf3 Nd6 38. Re1 Nf7 39. Re3 h5 40. Qxb5 h4 41.
Nxh4 Ng5 42. Qxe5 Qh3+ 43. Kg1 Ra8 44. Re1 Qxh4 45. gxh4 Nf3+ 46. Kg2 Nxe5 47.
Rd1 Rc8 48. Rd6 Kf7 49. Rxb6 Rxc3 50. b5 Ng6 51. Kf1 Nf4 52. Ke1 Rb3 53. Kd2 Kf6
54. Rb7 g6 55. b6 Ke5 56. f3 Rxf3 57. Kc2 Rf2+ 58. Kc3 Ne2+ 59. Kc4 Nd4 60. Rg7
Rc2+ 61. Kd3 Rb2 62. b7 Nc6 63. Kc3 Rb1 64. Kc2 Rb6 65. Rc7 Kd6 66. Rg7 Ne5 67.
Kc3 Rb5 68. Kd4 Rb4+ 69. Ke3 Nd7 70. Rxg6 Rxb7 71. h5 Ne5 72. Rg8 Rb3+ 73. Kf2
Rh3 74. Rh8 Nd3+ 75. Kg1 Ke5 76. h6 Nf4 77. h7 Kxe4 78. Kf2 e5 79. Ke1 Ke3 80.
Kd1 e4 81. Kc2 Kf3 82. Kc3 e3 83. Kc2 e2 84. Kd2 Rh1 85. Re8 Rxh7 0-1

[Event "2nd IMSA Blitz 2017"]
[Site "Huai'an CHN"]
[Date "2017.12.12"]
[Round "5.3"]
[White "Andreikin, Dmitry"]
[Black "Le, Quang Liem"]
[Result "1-0"]
[WhiteTitle "GM"]
[BlackTitle "GM"]
[WhiteElo "2712"]
[BlackElo "2737"]
[WhiteFideId "4158814"]
[BlackFideId "12401137"]
[EventDate "2017.12.12"]

1. d4 Nf6 2. Bg5 d5 3. Nd2 c5 4. dxc5 e6 5. b4 a5 6. a3 b6 7. e4 bxc5 8. exd5
cxb4 9. Bb5+ Bd7 10. Bxd7+ Nbxd7 11. dxe6 fxe6 12. Ngf3 bxa3 13. O-O Bb4 14. c3
Bxc3 15. Rxa3 Bb4 16. Rd3 Qe7 17. Ne4 Rd8 18. Bxf6 gxf6 19. Nd4 Nf8 20. Nc6 Rxd3
21. Qxd3 Qc7 22. Nxf6+ Kf7 23. Qf3 Qd6 1-0

[Event "2nd IMSA Blitz 2017"]
[Site "Huai'an CHN"]
[Date "2017.12.12"]
[Round "6.1"]
[White "Artemiev, Vladislav"]
[Black "Korobov, Anton"]
[Result "1/2-1/2"]
[WhiteTitle "GM"]
[BlackTitle "GM"]
[WhiteElo "2691"]
[BlackElo "2652"]
[WhiteFideId "24101605"]
[BlackFideId "14105730"]
[EventDate "2017.12.12"]

1. e4 c5 2. Nf3 d6 3. d4 cxd4 4. Nxd4 Nf6 5. Nc3 a6 6. Rg1 h5 7. h3 Nc6 8. Be3
Bd7 9. g4 hxg4 10. hxg4 Nxd4 11. Bxd4 e5 12. Be3 Rc8 13. f3 Rh2 14. Rg2 Rh3 15.
Qe2 Be6 16. Rg1 Rh8 17. g5 Nh5 18. g6 fxg6 19. Rxg6 Bf7 20. Rg1 Qh4+ 21. Bf2 Qf4
22. Rg4 Qh6 23. Be3 Nf4 24. Bxf4 exf4 25. O-O-O Be6 26. Rg1 Qf6 27. Nd5 Qe5 28.
Qf2 g5 29. Qb6 Rh7 30. Kb1 Rf7 31. Bd3 Bg7 32. c3 Kf8 33. Bc2 Kg8 34. Bb3 g4 35.
fxg4 f3 36. Qf2 Qxe4+ 37. Ka1 Qe2 38. Qxe2 fxe2 39. Rde1 Rc5 40. Ne3 Bxb3 41.
axb3 Rf2 42. Rg2 Rxg2 43. Nxg2 Re5 44. Kb1 Re4 45. Kc2 d5 46. Kd3 Rxg4 47. Rxe2
d4 48. cxd4 Rxd4+ 49. Kc2 Rd7 50. Nf4 Kf7 51. Nd3 Bf6 52. b4 Rc7+ 53. Kb3 Bd4
54. Re4 Ba7 55. Ne5+ Ke6 56. Re2 Kd6 57. Nc4+ Kd7 58. Rh2 Kd8 59. Rh8+ Kd7 60.
Rh6 Kd8 61. Ne5 Rg7 62. b5 axb5 63. Kb4 Kc7 64. Re6 Bd4 65. Nd3 Rg3 66. Nf4 Bxb2
67. Kxb5 Rg5+ 68. Kc4 Rg4 69. Kb3 Rxf4 70. Kxb2 Rc4 71. Kb3 Rc6 72. Rxc6+ Kxc6
73. Kc4 Kb6 74. Kb4 Ka6 75. Ka4 b5+ 76. Kb4 Kb6 77. Kb3 Kc5 78. Kc3 b4+ 79. Kb3
Kb5 80. Kb2 Kc4 81. Kc2 b3+ 82. Kb2 Kb4 83. Kb1 Ka4 84. Kb2 Kb4 85. Kb1 Ka3 86.
Ka1 b2+ 87. Kb1 Kb3 1/2-1/2

[Event "2nd IMSA Blitz 2017"]
[Site "Huai'an CHN"]
[Date "2017.12.12"]
[Round "7.1"]
[White "Ding, Liren"]
[Black "Le, Quang Liem"]
[Result "1-0"]
[WhiteTitle "GM"]
[BlackTitle "GM"]
[WhiteElo "2777"]
[BlackElo "2737"]
[WhiteFideId "8603677"]
[BlackFideId "12401137"]
[EventDate "2017.12.12"]

1. d4 Nf6 2. c4 e6 3. g3 d5 4. Bg2 Bb4+ 5. Nd2 O-O 6. Nf3 b6 7. O-O Bb7 8. b3
Nbd7 9. Bb2 Re8 10. Rc1 a5 11. cxd5 exd5 12. Nb1 Bd6 13. Nc3 c6 14. Re1 h6 15.
Nh4 Bb4 16. a3 Bf8 17. e4 dxe4 18. Nxe4 Rc8 19. Nc3 Rxe1+ 20. Qxe1 g6 21. Nf3
Bg7 22. Ne5 Ba8 23. Ne4 Nxe4 24. Bxe4 c5 25. Bxa8 Rxa8 26. Rd1 Nxe5 27. dxe5 Qc7
28. Rd6 Re8 29. Rd5 Kh7 30. Qe2 Re7 31. a4 f6 32. h4 fxe5 33. h5 Qc6 34. Qe4 Rf7
35. Bxe5 Bxe5 36. hxg6+ Qxg6 37. Qxe5 Qb1+ 38. Kg2 Qxb3 39. Qe4+ Kg7 40. Rd6 Qb2
41. Qg6+ Kf8 42. Rd8+ Ke7 43. Qd6# 1-0

[Event "2nd IMSA Blitz 2017"]
[Site "Huai'an CHN"]
[Date "2017.12.12"]
[Round "8.3"]
[White "Mamedov, Rauf"]
[Black "Korobov, Anton"]
[Result "1-0"]
[WhiteTitle "GM"]
[BlackTitle "GM"]
[WhiteElo "2709"]
[BlackElo "2652"]
[WhiteFideId "13401653"]
[BlackFideId "14105730"]
[EventDate "2017.12.12"]

1. g3 d5 2. Bg2 g6 3. d3 Bg7 4. Nd2 e5 5. e4 Ne7 6. exd5 Nxd5 7. Ngf3 O-O 8. O-O
Nc6 9. Re1 h6 10. a3 a5 11. Rb1 Kh7 12. c4 Nde7 13. b4 axb4 14. axb4 Qxd3 15. b5
Nd4 16. Nxe5 Qc2 17. Bb2 Qxd1 18. Rbxd1 Nc2 19. Re2 Ra2 20. Bc3 Nf5 21. Nb3 Nce3
22. Rxa2 Nxd1 23. Ba1 Re8 24. Nd3 Nc3 25. Ra8 Nd6 26. Nd2 Bf5 27. Rxe8 Nxe8 28.
Bxc3 Bxc3 29. Ne4 Bd4 30. Kf1 Nd6 31. f3 Nxe4 32. fxe4 Be6 33. c5 Bc4 34. Ke2
Bxb5 35. Kd2 c6 36. e5 Kg7 37. Be4 h5 38. e6 fxe6 39. Nf4 Bxc5 40. Nxe6+ Kf6 41.
Nxc5 Ke5 42. Bxg6 Kd5 1-0

[Event "2nd IMSA Blitz 2017"]
[Site "Huai'an CHN"]
[Date "2017.12.12"]
[Round "8.6"]
[White "Le, Quang Liem"]
[Black "Artemiev, Vladislav"]
[Result "0-1"]
[WhiteTitle "GM"]
[BlackTitle "GM"]
[WhiteElo "2737"]
[BlackElo "2691"]
[WhiteFideId "12401137"]
[BlackFideId "24101605"]
[EventDate "2017.12.12"]

1. d4 Nf6 2. c4 g6 3. Nc3 d5 4. cxd5 Nxd5 5. Bd2 Bg7 6. e4 Nb6 7. Be3 O-O 8. h3
e5 9. Nf3 exd4 10. Bxd4 Nc6 11. Bxg7 Qxd1+ 12. Rxd1 Kxg7 13. Bb5 Nb4 14. a3 a6
15. Be2 Nc6 16. O-O Be6 17. Nd4 Nxd4 18. Rxd4 Bb3 19. Rb4 Be6 20. Rd1 Rfd8 21.
Rbd4 Rxd4 22. Rxd4 g5 23. f3 Nd7 24. Bc4 Ne5 25. Bxe6 fxe6 26. Kf2 Kf6 27. g3
Ke7 28. f4 c5 29. Rd1 gxf4 30. gxf4 Rf8 31. Ne2 Nc4 32. Rc1 b5 33. b3 Nd2 34. b4
cxb4 35. axb4 Nxe4+ 36. Ke3 Nf6 37. Nc3 Rc8 38. Kd3 Rc4 39. Ra1 Rxb4 40. Rxa6
Rxf4 41. Ra7+ Nd7 42. Nxb5 Rf3+ 43. Ke4 Rxh3 44. Nd4 Rh4+ 45. Ke3 Kd6 46. Ra6+
Kd5 47. Ra5+ Nc5 48. Ne2 Re4+ 49. Kf3 Rc4 50. Nf4+ Kd6 51. Ra7 e5 52. Ne2 h5 53.
Rh7 h4 54. Rh5 Ne6 55. Ke3 Kd5 56. Ng1 Nf4 57. Rh6 h3 58. Nf3 Rc3+ 59. Kf2 e4
60. Ng5 e3+ 61. Kf3 e2+ 62. Kxf4 e1=Q 0-1

[Event "2nd IMSA Blitz 2017"]
[Site "Huai'an CHN"]
[Date "2017.12.12"]
[Round "9.4"]
[White "Korobov, Anton"]
[Black "Yu, Yangyi"]
[Result "1-0"]
[WhiteTitle "GM"]
[BlackTitle "GM"]
[WhiteElo "2652"]
[BlackElo "2751"]
[WhiteFideId "14105730"]
[BlackFideId "8603820"]
[EventDate "2017.12.12"]

1. d4 Nf6 2. c4 e6 3. Nf3 d5 4. Nc3 Bb4 5. Bg5 h6 6. Bxf6 Qxf6 7. e3 O-O 8. Rc1
dxc4 9. Bxc4 c5 10. O-O cxd4 11. Ne4 Qe7 12. exd4 Rd8 13. Qc2 Ba5 14. Rfd1 Nc6
15. a3 Bb6 16. Qc3 Bd7 17. b4 Rac8 18. Nc5 Be8 19. h4 Rc7 20. Re1 Qd6 21. Nxe6
Nxd4 22. Nexd4 Bd7 23. Qd3 Bg4 24. Qe4 Bxf3 25. Nxf3 Rdc8 26. Rc2 Qf6 27. Bd3 g6
28. Rxc7 Rxc7 29. h5 Kg7 30. hxg6 fxg6 31. Qd5 Qf4 32. Qe6 Qg3 33. Qe5+ Qxe5 34.
Nxe5 Rc3 35. Bxg6 Rxa3 36. Be4 Ra2 37. Nd3 Rd2 38. Nc5 Rb2 39. Rb1 Rd2 40. Bxb7
a5 41. Ne4 Rd4 42. bxa5 Bxa5 43. g3 Bd8 44. Kg2 Ra4 45. Rb5 Ra2 46. Bd5 Rc2 47.
Rb7+ Bc7 48. Kh3 h5 49. Kh4 Kh6 50. Kh3 Rc1 51. Ra7 Rc2 52. Ra6+ Kg7 53. Rc6
Rxc6 54. Bxc6 Kh6 55. Be8 Bd8 56. f4 Be7 57. Nd2 Bd6 58. Nf3 Bc5 59. Nh4 1-0

[Event "2nd IMSA Blitz 2017"]
[Site "Huai'an CHN"]
[Date "2017.12.12"]
[Round "10.1"]
[White "Andreikin, Dmitry"]
[Black "Korobov, Anton"]
[Result "1-0"]
[WhiteTitle "GM"]
[BlackTitle "GM"]
[WhiteElo "2712"]
[BlackElo "2652"]
[WhiteFideId "4158814"]
[BlackFideId "14105730"]
[EventDate "2017.12.12"]

1. d4 d5 2. Nf3 Nf6 3. c4 c6 4. e3 Bg4 5. Nbd2 e6 6. Bd3 Nbd7 7. O-O Bd6 8. b3
O-O 9. Bb2 a5 10. Qc2 Qb8 11. h3 Bh5 12. Ng5 Bg6 13. Bxg6 hxg6 14. a4 Bb4 15.
Ndf3 Nh7 16. Nxh7 Kxh7 17. e4 Nf6 18. Ng5+ Kg8 19. e5 Nh7 20. h4 Qd8 21. Nf3 g5
22. g3 f5 23. Kg2 g4 24. Ng1 g5 25. hxg5 Nxg5 26. Bc1 Kf7 27. Bxg5 Qxg5 28. Ne2
Rh8 29. Nf4 Rh6 30. Rh1 Rah8 31. cxd5 cxd5 32. Qc7+ Qe7 33. Qxe7+ Bxe7 34. Rxh6
Rxh6 35. Rc1 Bd8 36. Rc8 Ke7 37. Rb8 b6 38. Rb7+ Ke8 39. f3 gxf3+ 40. Kxf3 Kf8
41. Rd7 Ke8 42. Rb7 Kf8 43. Rd7 Ke8 44. Rd6 Be7 45. Rxb6 Kf7 46. Nxd5 Rh1 47.
Nf4 Rf1+ 48. Ke2 Rg1 49. Rb7 Rxg3 50. d5 Rg4 51. d6 Rxf4 52. Rxe7+ Kf8 53. Rxe6
Rb4 54. d7 1-0

[Event "2nd IMSA Blitz 2017"]
[Site "Huai'an CHN"]
[Date "2017.12.12"]
[Round "10.2"]
[White "Mamedov, Rauf"]
[Black "Artemiev, Vladislav"]
[Result "0-1"]
[WhiteTitle "GM"]
[BlackTitle "GM"]
[WhiteElo "2709"]
[BlackElo "2691"]
[WhiteFideId "13401653"]
[BlackFideId "24101605"]
[EventDate "2017.12.12"]

1. e4 c6 2. Nc3 d5 3. Nf3 dxe4 4. Nxe4 Nd7 5. Bc4 Ngf6 6. Nxf6+ Nxf6 7. d4 Bf5
8. c3 e6 9. O-O Bd6 10. h3 Qc7 11. Re1 h6 12. Ne5 O-O-O 13. Qf3 Nd5 14. Bb3 g5
15. Bd2 f6 16. Nc4 Bh2+ 17. Kh1 h5 18. Qe2 Bf4 19. Ne3 Bxe3 20. Bxe3 g4 21. h4
Be4 22. Kg1 Rhg8 23. Bd2 f5 24. Bg5 Rde8 25. Qd2 Qd7 26. Rac1 Nb6 27. c4 Kb8 28.
f3 gxf3 29. gxf3 Bxf3 30. Qf4+ e5 31. Qxf3 Qxd4+ 32. Qf2 Qg4+ 33. Qg2 Qd4+ 34.
Kh1 Ka8 35. Rcd1 Qc5 36. Qf3 e4 37. Qe3 Qe5 38. Qf4 Qxb2 39. Qxf5 Rgf8 40. Qh3
Qe5 41. Qh2 Qf5 42. Qg2 Nd7 43. Rf1 Qe6 44. c5 Rxf1+ 45. Qxf1 Qg4 46. Qg2 Qf5
47. Qf1 Qg4 48. Qg2 Qf5 49. Rf1 Qxc5 50. Bf7 Rh8 51. Bg6 e3 52. Qf3 Ne5 53. Qxe3
Qxe3 54. Bxe3 Nxg6 55. Bg5 a5 56. Rf7 Ka7 57. Rg7 Ne5 58. Bf6 Re8 59. Rh7 Re6
60. Bg5 Nf3 61. Bd8 Re2 62. Bc7 Rxa2 63. Rxh5 b5 64. Rh7 b4 65. h5 b3 66. Rf7
Ng5 67. Re7 Ka6 68. Be5 Nf3 69. h6 b2 70. Bxb2 Rxb2 0-1

[Event "2nd IMSA Blitz 2017"]
[Site "Huai'an CHN"]
[Date "2017.12.12"]
[Round "10.4"]
[White "Le, Quang Liem"]
[Black "Harikrishna, Pentala"]
[Result "1-0"]
[WhiteTitle "GM"]
[BlackTitle "GM"]
[WhiteElo "2737"]
[BlackElo "2744"]
[WhiteFideId "12401137"]
[BlackFideId "5007003"]
[EventDate "2017.12.12"]

1. d4 Nf6 2. c4 e6 3. Nf3 d5 4. g3 dxc4 5. Bg2 c5 6. O-O Nc6 7. dxc5 Qxd1 8.
Rxd1 Bxc5 9. Nbd2 c3 10. bxc3 O-O 11. Ne1 Be7 12. Nd3 Bd7 13. Nb3 b6 14. c4 Rfd8
15. Bb2 Rac8 16. Rac1 Nb4 17. Nxb4 Bxb4 18. Bb7 Rb8 19. Bf3 Be8 20. Rxd8 Rxd8
21. c5 Rc8 22. Bb7 Rc7 23. c6 Ne4 24. Rc4 Nd6 25. Rxb4 Bxc6 26. Bxc6 Rxc6 27.
Rd4 f6 28. f4 a5 29. Kf2 e5 30. fxe5 fxe5 31. Rd5 Ne4+ 32. Ke3 Nf6 33. Rd8+ Kf7
34. Bxe5 Ng4+ 35. Kf4 Nxh2 36. Rd7+ Ke6 37. Rxg7 Rc8 38. Ke4 1-0

[Event "2nd IMSA Blitz 2017"]
[Site "Huai'an CHN"]
[Date "2017.12.12"]
[Round "11.3"]
[White "Grischuk, Alexander"]
[Black "Le, Quang Liem"]
[Result "1-0"]
[WhiteTitle "GM"]
[BlackTitle "GM"]
[WhiteElo "2772"]
[BlackElo "2737"]
[WhiteFideId "4126025"]
[BlackFideId "12401137"]
[EventDate "2017.12.12"]

1. e4 e6 2. d4 d5 3. Nc3 Bb4 4. e5 c5 5. a3 Bxc3+ 6. bxc3 Ne7 7. Qg4 Kf8 8. h4
Qc7 9. Qd1 b6 10. h5 h6 11. Nf3 Ba6 12. Bxa6 Nxa6 13. O-O Rc8 14. Qe2 Nb8 15. a4
cxd4 16. Ba3 Qc4 17. Qd1 dxc3 18. Nd4 Nc6 19. Nb5 Qf4 20. Re1 Kg8 21. g3 Qd2 22.
Qf3 Nf5 23. Rad1 Qg5 24. Bc1 Qd8 25. g4 a6 26. gxf5 axb5 27. f6 gxf6 28. exf6
Kf8 29. axb5 Nb4 30. Ba3 Rc4 31. Rb1 Rg8+ 32. Kf1 Ke8 33. Rxb4 Qc7 34. Qxd5 Rcg4
35. Rxg4 Rxg4 36. Rxe6+ 1-0

[Event "2nd IMSA Blitz 2017"]
[Site "Huai'an CHN"]
[Date "2017.12.12"]
[Round "11.5"]
[White "Artemiev, Vladislav"]
[Black "Yu, Yangyi"]
[Result "1-0"]
[WhiteTitle "GM"]
[BlackTitle "GM"]
[WhiteElo "2691"]
[BlackElo "2751"]
[WhiteFideId "24101605"]
[BlackFideId "8603820"]
[EventDate "2017.12.12"]

1. d4 Nf6 2. Nf3 d5 3. c3 g6 4. Bf4 Bg7 5. e3 O-O 6. Be2 c5 7. O-O Nc6 8. Nbd2
b6 9. Qa4 Bb7 10. b4 Ne4 11. Rac1 Nxd2 12. Nxd2 e5 13. dxe5 Nxe5 14. bxc5 bxc5
15. Nf3 Bc6 16. Qa6 Nxf3+ 17. Bxf3 Qb6 18. Qa3 Qb5 19. Bd6 Rfc8 20. Bxc5 a5 21.
Bd4 Bf8 22. Qb3 Qxb3 23. axb3 Rab8 24. Ra1 Rxb3 25. Rxa5 Rb5 26. Rfa1 Rcb8 27.
g4 Bg7 28. Ra7 Bxd4 29. cxd4 R8b7 30. R1a5 Rxa7 31. Rxa7 Bb7 32. g5 Kg7 33. Kg2
h6 34. h4 hxg5 35. hxg5 Bc8 36. Kg3 Be6 37. Rc7 Rb6 38. Rc5 Rd6 39. Kf4 f6 40.
Rc7+ Bf7 41. Bg2 Kf8 42. Bh3 Kg7 43. Rd7 Rb6 44. Bg2 Rb5 45. Rd6 fxg5+ 46. Kxg5
Ra5 47. Rd7 Rb5 48. Bh3 Rb6 49. Bg4 Rf6 50. f3 Rb6 51. e4 dxe4 52. fxe4 Rb5+ 53.
d5 Kf8 54. Kf6 Be8 55. Rh7 Kg8 56. Rh2 Bf7 57. Be6 Rb6 58. Rc2 Bxe6 59. dxe6 g5
60. Rc8+ Kh7 61. Kf7 Rb4 62. e7 1-0